|
|
|
|
| LEADER |
01696nam a22004695i 4500 |
| 001 |
978-1-4614-2254-9 |
| 003 |
DE-He213 |
| 005 |
20150520194342.0 |
| 007 |
cr nn 008mamaa |
| 008 |
120326s2012 xxu| s |||| 0|eng d |
| 020 |
|
|
|a 9781461422549
|9 978-1-4614-2254-9
|
| 024 |
7 |
|
|a 10.1007/978-1-4614-2254-9
|2 doi
|
| 040 |
|
|
|d GrThAP
|
| 050 |
|
4 |
|a QA76.9.D3
|
| 072 |
|
7 |
|a UN
|2 bicssc
|
| 072 |
|
7 |
|a UMT
|2 bicssc
|
| 072 |
|
7 |
|a COM021000
|2 bisacsh
|
| 082 |
0 |
4 |
|a 005.74
|2 23
|
| 100 |
1 |
|
|a Chen, Jiming.
|e author.
|
| 245 |
1 |
0 |
|a Data Dissemination and Query in Mobile Social Networks
|h [electronic resource] /
|c by Jiming Chen, Jialu Fan, Youxian Sun.
|
| 264 |
|
1 |
|a Boston, MA :
|b Springer US,
|c 2012.
|
| 300 |
|
|
|a VI, 86p. 22 illus.
|b online resource.
|
| 336 |
|
|
|a text
|b txt
|2 rdacontent
|
| 337 |
|
|
|a computer
|b c
|2 rdamedia
|
| 338 |
|
|
|a online resource
|b cr
|2 rdacarrier
|
| 347 |
|
|
|a text file
|b PDF
|2 rda
|
| 490 |
1 |
|
|a SpringerBriefs in Computer Science,
|x 2191-5768
|
| 505 |
0 |
|
|a Introduction to Mobile Social Networks -- Data Dissemination in MSNets -- Data Query in MSNets -- Conclusions and Future Work -- References.
|
| 520 |
|
|
|a N/A.
|
| 650 |
|
0 |
|a Computer science.
|
| 650 |
|
0 |
|a Database management.
|
| 650 |
1 |
4 |
|a Computer Science.
|
| 650 |
2 |
4 |
|a Database Management.
|
| 700 |
1 |
|
|a Fan, Jialu.
|e author.
|
| 700 |
1 |
|
|a Sun, Youxian.
|e author.
|
| 710 |
2 |
|
|a SpringerLink (Online service)
|
| 773 |
0 |
|
|t Springer eBooks
|
| 776 |
0 |
8 |
|i Printed edition:
|z 9781461422532
|
| 830 |
|
0 |
|a SpringerBriefs in Computer Science,
|x 2191-5768
|
| 856 |
4 |
0 |
|u http://dx.doi.org/10.1007/978-1-4614-2254-9
|z Full Text via HEAL-Link
|
| 912 |
|
|
|a ZDB-2-SCS
|
| 950 |
|
|
|a Computer Science (Springer-11645)
|